| 000 | 00421nam a22001697a 4500 | ||
|---|---|---|---|
| 003 | NUST - PNEC | ||
| 005 | 20170116180840.0 | ||
| 008 | 150819b xxu||||| |||| 00| 0 eng d | ||
| 020 | _a- | ||
| 040 | _cLIBRARY | ||
| 082 | _a510 MIL | ||
| 100 |
_95309 _aMiller, Charles D. |
||
| 245 |
_aMathematical ideas an introduction _cCharles D. Miller |
||
| 260 | _cc.1969 | ||
| 650 |
_95310 _aMathematics _xME |
||
| 942 |
_2ddc _cBK |
||
| 999 |
_c64373 _d64373 |
||